[Event "EICC 2017"]
[Site "Minsk"]
[Date "2017.06.01"]
[Round "3"]
[White "Andreikin, Dmitry"]
[Black "Grigoriants, Sergey"]
[Result "1-0"]
[WhiteElo "2723"]
[BlackElo "2576"]
[Annotator "TA"]
[PlyCount "83"]
[EventDate "2017.??.??"]
[EventCountry "BLR"]
[SourceTitle "playchess.com"]
[Source "ChessBase"]
[SourceQuality "1"]

{[%evp 29,83,12,19,0,33,31,43,33,20,0,0,0,14,-4,16,-33,79,86,85,10,27,25,16,16,16,25,85,97,110,112,112,100,88,96,112,112,118,125,116,124,127,130,215,112,359,352,351,339,348,330,497,497,470,460,720,573]} 1. e4 e5 2. Nf3 Nc6 3. Bb5 a6 4. Ba4 Nf6 5. O-O Be7 6. Re1 b5 7. Bb3 d6 8. c3 O-O 9. d4 {[%cal Bd2d4,Bd4d5][%mdl 32]} Bg4 10. d5 Na5 11. Bc2 Qc8 12. h3 Bd7 13. Nbd2 c6 14. dxc6 Bxc6 {C91: Closed Ruy Lopez: 7...d6 8 c3 0-0 9 d4} (14... Qxc6 15. Nf1 Rfc8 16. Ne3 Nc4 17. Nf5 Bxf5 18. exf5 h6 19. a4 Bd8 20. b3 Nb6 21. axb5 axb5 22. Rxa8 Rxa8 23. Bb2 {½-½ (80) Perunovic,M (2622)-Karjakin,S (2762) Berlin 2015}) 15. Nf1 Re8 {LiveBook: 4 Games} 16. Bg5 $146 ({Predecessor:} 16. Ng3 Bf8 17. Bg5 Qe6 18. b3 h6 19. Bd2 Rad8 20. Qc1 Nb7 21. b4 d5 22. Bb3 {½-½ (43) Shivananda,B (2375)-Aleksandrov,A (2612) New Delhi 2012}) 16... Qe6 {The position is equal.} 17. b3 Rac8 18. Qd2 (18. Bxf6 $5 Bxf6 19. Ne3 $11) 18... Nh5 19. g4 Nf6 20. Ng3 g6 21. Bh4 (21. c4 $5 {[%cal Rd2a5]} Nb7 22. cxb5 axb5 23. b4 $11) 21... Nd7 22. Ng5 (22. Nf5 $5) 22... Bxg5 (22... Qf6 $15 {keeps the upper hand.}) 23. Bxg5 $16 Nb7 24. b4 (24. Rad1 $16) 24... Nb6 $1 $11 25. Bb3 Nc4 26. Bxc4 bxc4 27. f4 $36 {[%cal Bf2f4,Bf4f5][%mdl 2080] White has the initiative.} f6 (27... exf4 $1 $11 {remains equal.} 28. Bxf4 Nd8) 28. f5 $16 Qe7 29. Be3 Rcd8 30. a4 {Threatens to win with b5!} d5 {[#]} 31. b5 $1 {[%mdl 512]} dxe4 (31... axb5 32. axb5) 32. Qf2 axb5 33. axb5 Bxb5 {[#]} 34. fxg6 $1 hxg6 35. Nxe4 Rf8 (35... Kg7 $16 {was called for.}) 36. Rf1 (36. Ra7 $18 Rf7 37. Rf1) 36... f5 $2 (36... Kg7 $16) 37. Bg5 $18 fxe4 38. Bxe7 Rxf2 39. Rxf2 Re8 (39... e3 $142) 40. Bb4 {White is clearly winning.} Nd8 41. Rf6 Ne6 (41... Nc6 $142 42. Bd6 g5) 42. Ra5 {Precision: White = 53%, Black = 40%.} 1-0

[Event "EICC 2017"]
[Site "Minsk"]
[Date "2017.06.01"]
[Round "3"]
[White "Kryvoruchko, Yuriy"]
[Black "Svane, Rasmus"]
[Result "1/2-1/2"]
[WhiteElo "2714"]
[BlackElo "2573"]
[Annotator "TA"]
[PlyCount "85"]
[EventDate "2017.??.??"]
[EventCountry "BLR"]
[SourceTitle "playchess.com"]
[Source "ChessBase"]
[SourceQuality "1"]

{[%evp 23,85,20,18,16,18,18,21,27,37,35,11,14,8,14,14,12,10,11,9,10,13,8,8,12,10,8,22,0,0,0,14,12,12,12,14,14,14,8,14,8,12,0,0,0,0,0,0,0,0,0,0,0,0,0,0,0,0,0,0,0,0,0,0,-8]} 1. e4 c6 {[%cal Bc7c6,Bc6c5][%mdl 32]} 2. d4 d5 3. e5 Bf5 4. Nf3 e6 5. Be2 c5 6. Be3 Qb6 7. Nc3 Nc6 8. O-O {B12: Caro-Kann: Advance Variation} Qxb2 9. Qe1 cxd4 10. Bxd4 Nxd4 11. Nxd4 Bb4 12. Rb1 (12. Ndb5 Ba5 13. Rb1 Qxc2 14. Rb3 Ne7 15. Nd6+ Kf8 16. Nxb7 Bb6 17. Nd6 Ba5 18. Nb7 Bb6 19. Nd6 Ba5 20. Nb7 {½-½ (20) Kravtsiv,M (2641)-Wang,H (2683) Sharjah 2017}) 12... Bxc3 {LiveBook: 8 Games} 13. Rxb2 Bxe1 14. Rxe1 b6 $1 15. Bb5+ Kf8 16. Nxf5 exf5 17. c4 $146 {The position is equal.} dxc4 18. Bxc4 g5 19. Rbe2 Re8 20. e6 fxe6 21. Bxe6 Nf6 22. Bxf5 Rxe2 23. Rxe2 $11 {[%mdl 4096] Endgame KRB-KRN} Kf7 24. Be6+ Kg6 25. Bb3 Re8 26. Bc2+ Kf7 (26... Kg7 $5 {[%cal Re8e2]} 27. Kf1 Rxe2 28. Kxe2 h6 $11) 27. Rxe8 Kxe8 {KB-KN} 28. f4 h6 29. fxg5 hxg5 30. Kf2 Ke7 31. Ke3 Ng4+ 32. Ke4 (32. Kf3 $5 {[%cal Rf3g4]} Nxh2+ 33. Kg3 Nf1+ 34. Kf2 $11) 32... Nxh2 33. Kf5 Nf1 34. Kxg5 {[#] Threatens to win with Kf4.} Ne3 35. Be4 b5 36. Kf4 Nd1 37. Ke5 (37. Bc2 $5 {[%cal Rc2d1]} Nc3 38. a3 $11) 37... Nc3 38. Bd5 a5 39. Kd4 b4 40. Bb3 a4 41. Bxa4 Nxa4 42. Kc4 Nc3 43. Kxb4 {Precision: White = 86%, Black = 96%.} (43. a3 $5) 1/2-1/2

[Event "EICC 2017"]
[Site "Minsk"]
[Date "2017.06.01"]
[Round "3"]
[White "Jobava, Baadur"]
[Black "Sarana, Alexey"]
[Result "0-1"]
[WhiteElo "2713"]
[BlackElo "2472"]
[Annotator "TA"]
[PlyCount "65"]
[EventDate "2017.??.??"]
[EventCountry "BLR"]
[SourceTitle "playchess.com"]
[Source "ChessBase"]
[SourceQuality "1"]

{[%evp 20,65,26,26,30,20,6,0,5,0,5,0,0,0,0,-2,0,10,76,29,92,83,110,84,108,116,110,126,114,116,118,72,117,111,183,0,67,0,0,0,0,-333,-323,-29986,-29987,-29987,-29988,-29988]} 1. e4 c5 2. Nf3 d6 3. d4 cxd4 4. Nxd4 Nf6 5. Nc3 a6 6. Bg5 Nbd7 7. Qe2 {B94: Sicilian Najdorf: 6 Bg5 Nbd7} h6 8. Bxf6 Nxf6 9. O-O-O e5 10. Nf5 {[%cal Bd4f5,Bf5e3,Be3d5][%mdl 32]} g6 11. Ne3 {LiveBook: 11 Games} Be6 12. Kb1 Rc8 {Threatens to win with ...Rxc3!} 13. Ned5 {[#]} Bg7 $146 ({Predecessor:} 13... Nxd5 14. Nxd5 Rc5 {0-1 (37) Savchenko,B (2613)-Artemiev,V (2663) Sochi 2016}) 14. h4 h5 15. g3 Nxd5 16. Nxd5 Rc5 $1 17. Ne3 Qd7 18. Qd3 Rc6 (18... Bh6 $11) 19. Be2 {[%cal Bf1e2,Be2f3,Bf3d5][%mdl 32]} f5 (19... Qd8 $11 {keeps the balance.}) 20. Bf3 $16 {Hoping for exf5.} Rb6 21. b3 $1 O-O 22. exf5 gxf5 {aiming for ...e4.} 23. Bd5 (23. Bxh5 $6 e4 $11) 23... e4 24. Qc4 Bf7 25. a4 Kh7 {White must now prevent ...Rc8.} 26. Bxf7 Rxf7 27. Ka2 $2 (27. Rd5 $1 $18) 27... Rf8 ({Black should try} 27... Rc6 $11 28. Qe2 b5) 28. Rd5 (28. Qe2 $1 $14) 28... Rc8 $11 29. Qe2 Rb4 $1 $40 {[%cal Rb4a4][%mdl 128] ( -> ...Rxa4+!). White needs to defend precisely.} 30. Ra5 $2 {[%mdl 8192] [#]} (30. Rxf5 $2 {leads to mate.} Rxa4+ $1 {[%mdl 512]} 31. bxa4 Qxa4+ 32. Kb1 Qa1#) (30. Ka3 $11 {and White has nothing to worry.} Rxa4+ 31. bxa4 Rc3+ 32. Kb4) 30... Rc5 $1 $19 {[%cal Rc5a5]} 31. Ka3 $2 ({Much weaker is} 31. Qxh5+ Kg8 $19) (31. c3 $19 Rxb3 32. Kxb3 Rxa5 33. Ra1) 31... Rxa5 32. Kxb4 {[#]} Qc6 $1 {[%csl Ga5,Gd6][%cal Rc6c5]} 33. Qc4 {Precision: White = 42%, Black = 70%.} 0-1

[Event "EICC 2017"]
[Site "Minsk"]
[Date "2017.06.01"]
[Round "3"]
[White "Leko, Peter"]
[Black "Deac, Bogdan-Daniel"]
[Result "1/2-1/2"]
[WhiteElo "2703"]
[BlackElo "2572"]
[Annotator "TA"]
[PlyCount "96"]
[EventDate "2017.??.??"]
[EventCountry "BLR"]
[SourceTitle "playchess.com"]
[Source "ChessBase"]
[SourceQuality "1"]

{[%evp 19,96,13,27,13,27,31,30,21,19,23,25,28,22,28,20,28,24,12,48,12,19,21,22,14,18,17,21,18,20,21,21,21,27,27,31,25,30,30,31,19,19,19,21,14,13,0,0,0,14,20,14,16,46,46,46,46,46,46,46,46,46,46,46,46,46,46,72,72,88,88,112,112,112,112,112,112,112,112,112]} 1. e4 e5 2. Nf3 Nc6 3. Bb5 Nf6 4. O-O Nxe4 5. d4 Nd6 6. Bxc6 dxc6 7. dxe5 Nf5 8. Qxd8+ Kxd8 9. h3 Ke8 10. Nc3 {[%cal Bb1c3,Bc3e2,Be2d4][%mdl 32]} Be6 11. Rd1 {C67: Ruy Lopez: Berlin Defence: 4 0-0 Nxe4} Bb4 (11... Bc5 12. g4 Ne7 13. Ng5 Bd5 14. Nge4 Bb6 15. Kg2 Rd8 16. Bf4 Ng6 17. Bg3 h5 18. f4 hxg4 19. hxg4 {½-½ (56) Anand,V (2803)-Carlsen,M (2850) London 2015}) 12. Ne2 Bd5 13. Nfd4 {White has an edge.} Nxd4 14. Nxd4 Rd8 15. Be3 Be4 16. c3 Be7 17. f3 Bg6 18. g4 $146 ({Predecessor:} 18. f4 Be4 {0-1 (56) Schludecker,E (2014)-Di Primio,E ICCF email 2012}) 18... Rd5 19. Bf4 Bc5 20. Kg2 Bxd4 21. Rxd4 Rxd4 22. cxd4 $11 {[%mdl 4096] Endgame KRB-KRB} Kd7 23. Rc1 Ke6 24. Be3 h5 25. Kg3 hxg4 26. fxg4 Rd8 27. h4 {[%cal Bh3h4,Bh4h5][%mdl 32]} Rd5 28. h5 Bh7 29. b4 a5 30. a3 Rb5 31. Bd2 Rd5 32. Be3 Rb5 33. Bd2 Rd5 34. Bc3 axb4 35. axb4 b6 36. Bb2 c5 37. bxc5 bxc5 38. Rxc5 Rxc5 39. dxc5 $14 {KB-KB} c6 40. Kf4 Bc2 41. Bc3 Ke7 42. Ba5 f6 43. Bc3 {White is better.} fxe5+ 44. Bxe5 g6 45. h6 Kf7 46. Kg5 {[#] White wants to mate with h7.} Kg8 47. Kf6 Kh7 48. g5 Be4 {Precision: White = 76%, Black = 67%.} 1/2-1/2

[Event "EICC 2017"]
[Site "Minsk"]
[Date "2017.06.01"]
[Round "3"]
[White "Rodshtein, Maxim"]
[Black "Lopez Martinez, Josep Manuel"]
[Result "1-0"]
[WhiteElo "2698"]
[BlackElo "2597"]
[Annotator "TA"]
[PlyCount "131"]
[EventDate "2017.??.??"]
[EventCountry "BLR"]
[SourceTitle "playchess.com"]
[Source "ChessBase"]
[SourceQuality "1"]

{[%evp 15,131,4,19,14,37,43,48,31,57,46,78,45,52,41,66,25,62,69,73,62,77,62,87,85,92,62,98,85,93,93,124,105,134,134,131,96,137,99,129,108,122,118,120,127,194,185,196,103,371,347,312,270,406,406,391,406,414,407,600,591,702,702,702,687,732,707,641,464,445,433,433,433,439,433,430,427,423,414,513,422,416,410,406,407,515,463,614,598,655,636,830,801,960,948,1037,979,965,972,918,811,811,793,762,754,896,896,892,788,993,966,1622,919,919,0,1639,1389,1459,1431]} 1. d4 Nf6 2. c4 e6 3. g3 d5 4. Bg2 Bb4+ 5. Nd2 O-O 6. Ngf3 b6 7. O-O Bb7 8. Ne5 Nbd7 9. Qa4 {[#] Threatens to win with Nxd7. E16: Queen's Indian: 4 g3 Bb7 5 Bg2 Bb4+} Bxd2 (9... Bd6 10. Nxd7 Qxd7 11. Qxd7 Nxd7 12. cxd5 Bxd5 13. e4 Bb7 14. Rd1 Be7 15. Nc4 Nf6 16. f3 c5 17. dxc5 Bxc5+ 18. Be3 Bxe3+ 19. Nxe3 Rfd8 20. Rxd8+ Rxd8 21. Rd1 Rxd1+ 22. Nxd1 e5 {½-½ (22) Bluebaum,M (2632)-Yu,Y (2738) Moscow 2017}) 10. Bxd2 Nxe5 11. dxe5 {White is slightly better.} Ne4 12. Rad1 $146 ({Predecessor:} 12. Bxe4 dxe4 13. Be3 Qe8 14. Qxe8 Rfxe8 15. Rfd1 Rac8 16. b4 Kf8 {½-½ (33) Guerra Bastida,D (2390)-Szymanski,M (2422) Linares 2005}) 12... Qe7 13. Be3 Rfd8 14. Qc2 (14. Bxe4 $5 dxe4 15. Rxd8+ Qxd8 16. Rd1 $14) 14... c6 15. a3 f5 16. b4 h6 17. f3 {[%cal Bf2f3,Bf3f4][%mdl 32]} Ng5 18. c5 bxc5 19. Bxc5 Qc7 20. Qd3 Rd7 21. h4 Nf7 22. f4 h5 23. e4 Nh6 24. exd5 cxd5 25. Rc1 Qd8 26. a4 Ng4 27. Qd4 a6 28. Bb6 $36 {[%mdl 2048] White is on the roll.} Qe8 29. Rc5 Re7 (29... Rf7 $16) 30. Ra1 Rc8 31. Bf1 (31. a5 $18) 31... Qg6 $2 {[%mdl 8192] [#]} (31... Rxc5 $16 32. Qxc5 (32. bxc5 g6 $16) (32. Bxc5 Rc7 $16) 32... d4) 32. Rxc8+ $18 Bxc8 33. Ra3 Bb7 (33... Qe8 $142 34. b5 axb5) 34. b5 axb5 35. Bxb5 Nh6 36. a5 {[%cal Ba4a5,Ba5a6][%mdl 32]} Qg4 (36... Ba8 $142 37. a6 Qg4) 37. Kg2 Rf7 38. a6 Ba8 39. Rc3 Rf8 40. a7 Kh7 41. Rc2 Qg6 42. Be2 Ng4 43. Kg1 Qe8 44. Ba6 Qg6 45. Rc3 Nh6 46. Be2 Ng4 47. Rc7 Nh6 48. Kf2 Ng4+ 49. Ke1 Nh6 50. Rc3 Ng4 51. Qb4 Re8 52. Bb5 Rg8 53. Bd4 Nh6 54. Qe7 Ng4 55. Be2 Nh6 56. Kd2 Nf7 57. Rc7 Nd8 58. Qg5 Nc6 59. Bb6 d4 60. Bxh5 Qxg5 61. hxg5 Nb4 62. Bf7 Rh8 63. Rd7 Rc8 64. Rc7 (64. Rxd4 $142 Rc2+ 65. Kd1 Bf3+ 66. Ke1) 64... Rh8 $1 65. Bxe6 Be4 66. Rc8 {Precision: White = 68%, Black = 32%.} 1-0

[Event "EICC 2017"]
[Site "Minsk"]
[Date "2017.06.01"]
[Round "3"]
[White "Tomashevsky, Evgeny"]
[Black "Bortnyk, Olexandr"]
[Result "1/2-1/2"]
[WhiteElo "2696"]
[BlackElo "2567"]
[Annotator "TA"]
[PlyCount "74"]
[EventDate "2017.??.??"]
[EventCountry "BLR"]
[SourceTitle "playchess.com"]
[Source "ChessBase"]
[SourceQuality "1"]

{[%evp 19,74,60,58,72,90,72,96,67,100,95,85,91,117,115,128,121,125,125,183,182,185,187,187,190,201,184,225,230,281,275,266,266,262,258,265,263,263,270,260,128,123,53,58,52,47,11,11,11,11,11,11,11,11,11,11,11,11]} 1. d4 Nf6 2. Nf3 g6 3. c4 Bg7 4. Nc3 O-O 5. e4 d6 6. h3 a6 7. Be3 {E90: King's Indian: Classical: Early deviations and 6 h3} (7. Bd3 c6 8. O-O b5 9. Re1 Nbd7 10. Bg5 h6 11. Be3 bxc4 12. Bxc4 d5 13. Bd3 dxe4 14. Nxe4 Nd5 15. Bd2 Qb6 {1-0 (35) Jakovenko,D (2748)-Ivanchuk,V (2726) Baku 2015}) 7... Nbd7 8. Be2 c5 9. O-O cxd4 10. Nxd4 Nc5 {LiveBook: 3 Games} 11. Qc2 Bd7 12. Rfd1 Qc7 13. Rac1 $146 ({Predecessor:} 13. b4 Ne6 14. Qb3 Nxd4 15. Bxd4 Bc6 16. f3 {1-0 (38) Jensen,T (2058)-Schmidt,H (1767) Helsingor 2014}) 13... Rfc8 14. b4 Ne6 15. Nb3 Qd8 16. a4 b6 17. Nd5 Nxd5 18. exd5 Nf8 {[#]} (18... Nc7 $16 {was worth a try.}) 19. a5 $1 $36 {[%cal Ra5b6][%mdl 2048] Black is under strong pressure.} bxa5 20. Nxa5 Rab8 21. Qd2 Ba4 22. Re1 e6 {[#]} 23. Bf3 $1 Qf6 24. Nc6 Bxc6 25. dxc6 Qb2 26. Rb1 Qxd2 27. Bxd2 Bd4 28. Red1 e5 29. Bd5 (29. b5 $18 {and White stays clearly on top.}) 29... Ne6 $16 30. Bxe6 (30. b5 $16) 30... fxe6 $14 31. b5 d5 32. Be3 (32. bxa6 {keeps more tension.} Ra8 33. cxd5 Rxa6 34. Be3 Bxe3 35. fxe3 exd5 36. Rxd5 Kf7 37. Rxe5 Rcxc6 38. Rb7+) 32... dxc4 {And now ...c3 would win.The position is equal.} 33. bxa6 Ra8 34. Bxd4 exd4 35. Rxd4 {Black must now prevent Rb6.} Rxa6 36. Rxc4 {Threatens to win with c7.} Raxc6 37. Rxc6 Rxc6 {Precision: White = 57%, Black = 37%.} 1/2-1/2

[Event "EICC 2017"]
[Site "Minsk"]
[Date "2017.06.01"]
[Round "3"]
[White "Fedoseev, Vladimir"]
[Black "Beliavsky, Alexander G"]
[Result "1-0"]
[WhiteElo "2690"]
[BlackElo "2589"]
[Annotator "TA"]
[PlyCount "99"]
[EventDate "2017.??.??"]
[EventCountry "BLR"]
[SourceTitle "playchess.com"]
[Source "ChessBase"]
[SourceQuality "1"]

{[%evp 18,99,18,20,20,8,20,13,33,10,52,-8,-10,-4,-8,0,0,0,0,0,6,12,2,6,9,4,4,2,8,0,0,0,0,0,0,0,0,0,0,0,0,0,0,0,0,0,0,-59,0,-62,-28,-21,0,0,25,2,63,60,50,41,71,69,97,73,132,94,93,92,153,119,232,227,213,189,211,213,228,217,381,399,379,409,380,396]} 1. e4 e5 2. Nf3 Nc6 3. Bc4 Bc5 4. c3 Nf6 5. d3 d6 6. O-O O-O 7. Nbd2 a6 8. a4 Ba7 9. h3 Ne7 10. Re1 Ng6 {C54: Giuoco Piano: 4 c3 Nf6, main lines with 5 d4 and 5 d3} 11. d4 h6 12. Bb3 Re8 {The position is equal.} 13. Bc2 {[#]} Nh7 $146 ({Predecessor:} 13... c6 14. Nf1 d5 15. Nxe5 Nxe5 16. dxe5 Nxe4 17. Bxe4 dxe4 18. Qxd8 Rxd8 {½-½ (34) Anand,V (2770)-Aronian,L (2792) Saint Louis 2016}) 14. dxe5 (14. Nf1 $14) 14... dxe5 $11 15. Nc4 Qf6 16. Ne3 Ng5 (16... Bxe3 $5 17. Bxe3 Be6 $11) 17. Nxg5 hxg5 18. g3 Bxh3 19. Qh5 {[#]} g4 $1 {[%mdl 512]} 20. Bd1 (20. Nxg4 Bxg4) 20... Rad8 {aiming for ...Rxd1!} 21. Bxg4 Bxg4 22. Nxg4 Qc6 23. Bg5 Rd3 {And now ...Rxg3+ would win.} 24. Kg2 Re6 25. Re2 f5 $1 {[%cal Rf5g4]} 26. Nf6+ $1 Rxf6 27. Bxf6 Qxf6 28. exf5 Nf8 29. Rh1 Qc6+ 30. f3 Be3 31. Rh4 Bg5 32. Rh3 (32. Qh8+ $11 Kf7 33. Qh5+ Kg8 34. Qh8+ Kf7 35. Qh5+ Kg8) 32... Bh6 (32... Qd5 $1 $15 33. c4 Qc6) 33. Qg4 (33. Rh4 $11) 33... Rd7 {[%cal Bd3d7,Bd7f7,Bf7f8][%mdl 32]} 34. Rh4 Qf6 35. Qe4 Rf7 36. Rh5 Nd7 (36... Bg5 $11) 37. Qxb7 $14 Qd6 38. Qa8+ Rf8 39. Qe4 Nf6 40. Qc4+ Kh8 (40... Kh7 $142 41. Rh4 Rd8) 41. Rh1 Nd5 42. Qe4 Kg8 ({Black should play} 42... Rb8) 43. Rhe1 $16 Ne7 (43... Rb8 $16 44. Qc4 Bg5) 44. Qxe5 $18 Nxf5 45. Qxd6 Nxd6 46. Re7 Nc4 47. b4 Bg5 $2 {[#]} (47... Bd2) 48. Rxc7 {White is winning.} Ne3+ 49. Kf2 Ng4+ 50. Ke2 {Precision: White = 72%, Black = 47%.} 1-0

[Event "EICC 2017"]
[Site "Minsk"]
[Date "2017.06.01"]
[Round "3"]
[White "Cheparinov, Ivan"]
[Black "Postny, Evgeny"]
[Result "1-0"]
[WhiteElo "2688"]
[BlackElo "2588"]
[Annotator "TA"]
[PlyCount "89"]
[EventDate "2017.??.??"]
[EventCountry "BLR"]
[SourceTitle "playchess.com"]
[Source "ChessBase"]
[SourceQuality "1"]

{[%evp 24,89,31,27,37,44,33,30,39,31,40,43,42,37,47,47,56,38,43,14,47,20,35,39,47,0,32,22,49,51,73,69,88,51,75,81,115,114,149,142,169,172,162,149,120,150,120,127,250,259,198,124,150,139,291,288,462,433,560,606,601,600,575,553,425,508,670,640]} 1. d4 d5 2. c4 c6 3. Nc3 Nf6 4. e3 g6 5. Nf3 Bg7 6. Be2 O-O 7. O-O Bg4 8. h3 Bxf3 9. Bxf3 e6 10. b3 {D94: Grünfeld: 4 Nf3 Bg7 5 e3} Re8 (10... Nbd7 11. Bb2 Nb6 12. Qe2 Nc8 13. Rfd1 Nd6 14. Rac1 Re8 15. g3 h5 16. h4 Nf5 17. Qd3 Qd6 18. e4 dxe4 19. Bxe4 {0-1 (52) Le,Q (2718)-Artemiev,V (2653) Almaty 2016}) 11. Bb2 {[%cal Bc1b2,Bb2a3,Ba3d6][%mdl 32]} Nbd7 12. Qc2 Rc8 13. Rfd1 {[#] LiveBook: 5 Games} h5 $146 ({Predecessor:} 13... Qa5 14. a3 e5 15. cxd5 cxd5 16. b4 Qa6 17. Be2 Qe6 18. dxe5 Nxe5 19. Rac1 {0-1 (47) Cori Tello,J (2549)-Yu,R (2548) China 2014}) 14. Rac1 Qe7 15. Nb1 Nh7 16. Ba3 Qd8 17. Nd2 f5 18. Be2 Ng5 19. Bd6 Nf7 20. Bh2 Bf8 21. b4 a6 22. Qb2 Bd6 23. Bxd6 Nxd6 24. Nb3 b5 25. cxd5 cxd5 26. Nc5 Ra8 27. a4 Nb6 28. Qb3 Nbc4 29. Ra1 Kf7 30. Ra2 $1 Qb6 31. Rda1 Qc6 32. axb5 axb5 33. Ra7+ Rxa7 34. Rxa7+ Re7 35. Qa2 {Strongly threatening Rxe7+.} Nc8 (35... Qe8 $16) 36. Ra6 $18 Qc7 {[#]} 37. h4 (37. Bxc4 $1 $18 bxc4 38. b5) 37... N4d6 38. g3 Qb8 $2 {[#]} (38... Qd8 $16 {keeps fighting.} 39. Kf1 Qe8) 39. Qa5 $1 Rc7 $2 (39... Qc7 {is a better defense.} 40. Bxb5 Qxa5 41. Rxa5 Nxb5) 40. Kg2 {White is clearly winning.} Ke7 41. Rxd6 Kxd6 42. Na6 Qb6 43. Nxc7 Qxc7 44. Bxb5 Nb6 45. Be8 {Precision: White = 74%, Black = 21%.} 1-0

[Event "EICC 2017"]
[Site "Minsk"]
[Date "2017.06.01"]
[Round "3"]
[White "Howell, David W L"]
[Black "Elistratov, Semen"]
[Result "1-0"]
[WhiteElo "2684"]
[BlackElo "2417"]
[Annotator "TA"]
[PlyCount "75"]
[EventDate "2017.??.??"]
[EventCountry "BLR"]
[SourceTitle "playchess.com"]
[Source "ChessBase"]
[SourceQuality "1"]

{[%evp 18,75,10,14,4,8,12,0,14,5,11,13,14,0,14,25,54,0,2,2,2,8,102,47,99,100,93,104,113,108,105,84,132,47,52,43,54,29,27,16,8,0,0,0,0,0,39,40,40,34,36,43,515,500,1196,233,1168,1187,29984,29985]} 1. Nf3 d5 2. g3 g6 3. Bg2 Bg7 4. d4 Nf6 5. O-O O-O 6. c4 dxc4 7. Na3 c3 8. bxc3 c5 9. Ne5 Nc6 10. Nac4 Be6 {[%cal Rc5d4] D77: Fianchetto Grünfeld: 6 0-0: Replies other than 6...c6} (10... Nd5 11. Nxc6 bxc6 12. Bd2 Ba6 13. Ne5 Qd6 14. Re1 cxd4 15. cxd4 Bxe5 16. dxe5 Qxe5 17. Rc1 Rfd8 18. Qc2 {1-0 (41) Kramnik,V (2796)-Naroditsky,D (2628) Doha 2015}) 11. Nxc6 bxc6 12. Qd3 cxd4 {The position is equal.} 13. cxd4 c5 14. dxc5 Rc8 15. Ba3 Qxd3 16. exd3 {[#]} Nd5 $146 {[%cal Bf6d5,Bd5c3,Bc3e2][%mdl 32]} ({Predecessor:} 16... Rfd8 17. Rad1 Nd5 18. Na5 {0-1 (66) Petrov,N (2464)-Grandelius,N (2646) Reykjavik 2016}) 17. Rab1 ({White should try} 17. Rae1 $14) 17... Nc3 $11 18. Rb7 Rfd8 19. Rxe7 Ne2+ 20. Kh1 {[#] Nd6 is the strong threat.} Rxd3 (20... Bf8 $1 $14 21. Rxa7 Bxc5) 21. Nd6 $36 {[%mdl 2048] Keeping Black busy.} Rb8 22. Rxa7 {And now c6 would win.} Bf8 23. Nb7 Bxa2 24. Ra1 Be6 25. Bb2 (25. c6 $16) 25... Rc8 26. h4 {Threatens to win with Ra8.} Nd4 27. Ra8 Rxa8 28. Rxa8 Nf3 29. Ra1 Bd5 30. Nd6 Rd2 31. Bc3 Rxf2 32. Ne8 Be7 33. Nf6+ Bxf6 $1 34. Bxf6 {[#] Intending Rb1 and mate.} Kf8 $2 {[%mdl 8192]} (34... Nd4 $1 $14 35. Bxd5 Rxf6) 35. Rd1 $18 Bc6 (35... Nxh4 $142 36. Bxd5 Rxf6 37. gxh4 Ke8) 36. Rd8+ Be8 37. c6 {[%cal Bc5c6,Bc6c7][%mdl 32]} Ne1 38. c7 {Precision: White = 69%, Black = 50%.} 1-0

[Event "EICC 2017"]
[Site "Minsk"]
[Date "2017.06.01"]
[Round "3"]
[White "Movsesian, Sergei"]
[Black "Shomoev, Anton"]
[Result "1/2-1/2"]
[WhiteElo "2680"]
[BlackElo "2550"]
[Annotator "TA"]
[PlyCount "126"]
[EventDate "2017.??.??"]
[EventCountry "BLR"]
[SourceTitle "playchess.com"]
[Source "ChessBase"]
[SourceQuality "1"]

{[%evp 10,126,39,34,39,10,15,15,13,0,0,-10,14,13,18,19,24,0,37,33,43,45,48,36,36,36,37,27,35,27,48,32,41,22,34,22,21,29,31,32,61,60,71,55,73,73,92,58,68,67,69,43,81,43,43,43,43,43,43,43,43,43,43,41,53,43,43,40,43,29,43,43,51,43,51,51,51,51,43,31,43,44,57,35,61,57,94,93,95,18,33,0,0,0,68,-2,-2,-31,-46,-41,-25,-26,-31,-50,-8,-4,-4,-8,0,0,0,0,0,0,0,-8,0,-9,-4]} 1. e4 d5 2. exd5 Qxd5 3. Nc3 Qa5 4. d4 Nf6 5. h3 c6 6. Nf3 Bf5 {B01: Scandinavian Defence} 7. Ne5 (7. Bd2 Qd8 8. g4 Be6 9. Bd3 g6 10. Qe2 Bg7 11. O-O-O a5 12. Ng5 Bd5 13. Rhe1 Na6 14. a3 {0-1 (48) Nepomniachtchi,I (2728)-Kamsky,G (2673) Sochi 2015}) 7... Nbd7 8. Nc4 Qd8 9. g4 $146 ({Predecessor:} 9. a4 e6 10. Bd3 Nb6 11. Nxb6 axb6 12. Bxf5 exf5 13. O-O Be7 14. Re1 O-O {½-½ (23) Palladino,M (2141)-Perini,G (2208) ICCF email 2012}) 9... Be6 10. Bf4 Bxc4 11. Bxc4 e6 12. Bb3 Nb6 13. Be5 Nbd5 14. Nxd5 exd5 15. Qe2 Qe7 16. O-O-O Nd7 {[#] Hoping for ...f6.} 17. Rhe1 {And now Qd2 would win.} Nxe5 18. dxe5 O-O-O 19. f4 Qb4 20. Qf3 Be7 21. c3 Qa5 22. Qd3 g6 23. Kb1 Qc5 24. Re2 Rhe8 25. h4 {[%cal Bh3h4,Bh4h5][%mdl 32]} Kb8 26. g5 Bf8 27. h5 a5 28. a4 Qe7 29. Bc2 Qc7 30. Qf3 Re6 31. Rh2 Bc5 32. Ka2 Re7 33. Bb3 Ka7 34. Re2 Rdd7 35. Qd3 Kb8 36. Rde1 Rd8 37. Rh1 Ka7 38. Bc2 Kb8 39. Qf3 Ka7 40. Bd3 Rde8 41. Reh2 Qb6 42. Rh3 Rd8 43. Re1 Rde8 44. Rh2 (44. Bc2 {keeps more tension.} Rd8 45. Bb3 Kb8 46. Rd1 Qc7 47. Rd3) 44... Kb8 45. Rhe2 Qc7 46. Qg3 Ka8 47. f5 {[%cal Rh5g6]} gxf5 48. Qf4 d4 49. cxd4 (49. Qxf5 $16 Rd8 50. Qxh7) 49... Rd8 $1 $11 50. Qxf5 Rxd4 51. Bc2 Rb4 ({Black should try} 51... Qb6 $1 $11) 52. Bb3 (52. Re4 $1 $14) 52... Qb6 53. Qd3 ({Of course not} 53. Bxf7 Rxa4+ 54. Kb1 Bd4 $15) 53... Bd4 54. Rd2 Rxe5 55. Rxe5 Bxe5 56. Qd8+ Qxd8 (56... Ka7 {looks sharper.} 57. Qxb6+ Kxb6 58. Rf2 Rf4 59. Rxf4 Bxf4 60. Bc2 Kc5) 57. Rxd8+ $15 {[%mdl 4096] Endgame KRB-KRB. The position is equal.} Ka7 58. Re8 $132 {[%mdl 2048] White is not keeping still} f6 59. g6 hxg6 60. hxg6 Rg4 61. Bc2 $1 Rg2 62. Be4 Rg4 63. Bf5 Rg5 {Precision: White = 57%, Black = 59%.} 1/2-1/2